| 000 | 01165 a2200205 4500 | ||
|---|---|---|---|
| 005 | 2008090906346.0 | ||
| 008 | 080909t xxu||||| |||| 00| 0 hin d | ||
| 010 | _aHIN-79259 | ||
| 020 |
_a8180310973 _c500.00 |
||
| 035 | _aHN-51605 | ||
| 037 | _bD.B.Act / pub | ||
| 082 | _a722.44 | ||
| 100 | _aराय, उदय नारायण | ||
| 245 |
_aभारतीय कला शिल्पशास्त्र एवं प्राचीन स्थापत्य _cउदय नारायण राय |
||
| 260 |
_aइलाहाबाद _bलोक भारती प्रकाशन _c2006 |
||
| 270 |
_aपहली मंजिल,दरबारी बिल्डिंग,महात्मा गांधी मार्ग _bइलाहाबाद _minfo@lokbhartiprakashan.com |
||
| 300 |
_axvi,294पृ _c25सेमी (सजिल्द) _bसचित्र |
||
| 942 |
_adpl _cHN _k722.44 / रायउ _2ddc _h722.44 _mरायउ |
||
| 999 |
_c1450 _d1450 |
||